|
|
|
|
| LEADER |
00000nab a2200000ua 4500 |
| 001 |
vtls010754488 |
| 003 |
SK-MaSNL |
| 005 |
20260228085853.0 |
| 008 |
250718s1972 xo |||||||||||||||||slo| |
| 035 |
|
|
|a (urnnbn)urn:nbn:sk:snk:ar-a00z7o
|
| 035 |
|
|
|a (uuid)13a118ec-d423-4945-b46d-cedfb882c4de
|
| 035 |
|
|
|a urn:nbn:sk:snk-ab4c87
|
| 040 |
|
|
|a SNKBUCL
|b slo
|c SNKBUCL
|e AACR2
|
| 041 |
0 |
|
|a slo
|
| 044 |
|
|
|a xo
|c SK
|
| 245 |
0 |
0 |
|a Ako žil ENRICO CARUSO IV.
|
| 773 |
0 |
|
|t Hudobný život : klasická hudba, jazz, world music
|g Roč. 4, č. 10 (1972), s. [8]
|
| 850 |
|
|
|a Slovenská národná knižnica
|
| 852 |
|
|
|a Slovenská národná knižnica
|
| 954 |
|
|
|a odborná, vedecká literatúra pôvodná (slovenská)
|2 lita
|
| 958 |
|
|
|a article3
|
| 958 |
|
|
|a OND
|
| 958 |
|
|
|a EUIPO
|
| 999 |
|
|
|c 3085413
|d 3087343
|